000
00287nam a22001217a 4500
008
260415b ||||| |||| 00| 0 eng d
041
_a
Shqip
080
_a
219.1
100
_a
20
101
_a
Tregime
245
_a
Njëzet Tregime për kohën e Shkuar
_c
Mehmet Kraja
942
_2
udc
_c
BK
999
_c
60972
_d
60972